Science Quiz

Random Science or Animal Quiz
Score 0/30 Timer 08:00
4 Plays Today
% Correct
Coexisted with humans in North America until the 20th century
96.9%
Coexisted with humans in prehistoric Eurasia
88.7%
Coexisted with humans in Madagascar until the 10th century
85.1%
Coexisted with humans in the Falkland Islands until the 19th century
85.1%
Coexisted with humans in prehistoric Mexico
84.3%
Coexisted with humans in Mauritius until the 17th century
83%
Went extinct about 14 million years before humans emerged
82.6%
Coexisted with humans in prehistoric North America
81.5%
Hunted to extinction in the 18th century
81.4%
Coexisted with humans in prehistoric North America
78.8%
Went extinct almost 58 million years before humans emerged
76.4%
Went extinct about 40 million years before humans emerged
74.9%
Coexisted with humans in prehistoric North and South America
72.3%
Went extinct almost 16 million years before humans emerged
69.5%
Coexisted with humans in prehistoric North America
69.4%
% Correct
Both coexisted with humans in New Zealand until the 15th century
68.4%
Went extinct about 34 million years before humans emerged
68%
Went extinct about 10 million years before humans emerged
67.8%
Coexisted with humans in Tasmania until the 20th century
65.1%
Went extinct almost 7 million years before humans emerged
64.8%
Coexisted with humans in prehistoric South America
55.8%
Went extinct almost 70 million years before humans emerged
51%
Went extinct almost 78 million years before humans emerged
49.6%
Went extinct about 14 million years before humans emerged
49.6%
Went extinct about 23 million years before humans emerged
48.9%
Coexisted with humans in prehistoric Eurasia
46.6%
Went extinct almost 20 million years before humans emerged
37.9%
Coexisted with humans in prehistoric India
34.9%
Coexisted with humans in prehistoric Argentina
28.8%
Coexisted with humans in prehistoric Australia
24.5%
Remove Ads.
Support Sporcle.
Get the best of Sporcle when you Go Orange. This ad-free experience offers more features, more stats, and more fun while also helping to support Sporcle. Thank you for becoming a member.

You're not logged in!

Compare scores with friends on all Sporcle quizzes.
OR
Log In

Show Comments

Extras

Top Quizzes Today


Score Distribution

Your Account Isn't Verified!

In order to create a playlist on Sporcle, you need to verify the email address you used during registration. Go to your Sporcle Settings to finish the process.

Report this User

Report this user for behavior that violates our Community Guidelines.

Details: